Central Library OPAC University of Rajshahi

নতুন চীন নতুন দেশ / (Record no. 55996)

MARC details
000 -LEADER
fixed length control field 00830nam a2200229 a 4500
001 - CONTROL NUMBER
control field 55996
003 - CONTROL NUMBER IDENTIFIER
rucl marc code BD-RjUL
005 - DATE AND TIME OF LATEST TRANSACTION
control field 20211209080336.0
008 - FIXED-LENGTH DATA ELEMENTS--GENERAL INFORMATION
fixed length control field 161124s1965 bg ||||| |||| 00| 0 ben d
020 ## - INTERNATIONAL STANDARD BOOK NUMBER
Terms of availability : TK 5.00
035 ## - SYSTEM CONTROL NUMBER
System control number (BD-RjUL)56120
040 ## - CATALOGING SOURCE
Original cataloging agency BD-RjUL
Language of cataloging ben
Transcribing agency BD-RjUL
041 ## - LANGUAGE CODE
Language code of text/sound track or separate title ben
082 ## - DEWEY DECIMAL CLASSIFICATION NUMBER
Edition number 23
Classification number 915.1
Author mark and year SHN 1965
100 ## - MAIN ENTRY--PERSONAL NAME
Personal name শামসুদ্দীন, আবুল কালাম
9 (RLIN) 166686
245 10 - TITLE STATEMENT
Title নতুন চীন নতুন দেশ /
Statement of responsibility, etc. আবুল কালাম শামসুদ্দীন
260 ## - PUBLICATION, DISTRIBUTION, ETC. (IMPRINT)
Place of publication, distribution, etc. ঢাকা :
Name of publisher, distributor, etc. আহমদ পাবলিশিং ,
Date of publication, distribution, etc. ১৯৬৫
300 ## - PHYSICAL DESCRIPTION
Pagination ১১০ পৃ. :
Illustrations চিত্র ;
Size ২১ সেমি.
650 ## - SUBJECT ADDED ENTRY--TOPICAL TERM
Topical term or geographic name as entry element চীন ভ্রমণ
9 (RLIN) 165234
Topical term or geographic name as entry element Travel in china
9 (RLIN) 165235
942 ## - ADDED ENTRY ELEMENTS (KOHA)
Source of classification or shelving scheme Dewey Decimal Classification
Koha item type Books
Holdings
Lost status Source of classification or shelving scheme Damaged status Not for loan Collection code Permanent Location Current Location Shelving location Date acquired Source of acquisition Cost, normal purchase price Total Checkouts Full call number Date last seen Copy number Koha item type
  Dewey Decimal Classification     Non-fiction Central Library, University of Rajshahi Central Library, University of Rajshahi   14/06/1968 Nawroge kitabstan, Dhaka 5.00   B 915.1 SHN 1965 24/11/2016 C-2 Books
  Dewey Decimal Classification     Non-fiction Central Library, University of Rajshahi Central Library, University of Rajshahi   03/01/1967 N/A 5.00   B 915.1 SHN 1965 24/11/2016 C-3 Books
  Dewey Decimal Classification     Non-fiction Central Library, University of Rajshahi Central Library, University of Rajshahi   03/01/1967 N/A 5.00   B 915.1 SHN 1965 24/11/2016 C-4 Books
  Dewey Decimal Classification   Not For Loan Non-fiction Central Library, University of Rajshahi Central Library, University of Rajshahi Reading Room 14/06/1968 Nowroze Kitabistan. 5.00   B 915.1 SHN 1965 24/04/2017 C-1 Books